Пълно събрание съчиненията (Запис номер 190373)
[ съкратено ]
| 000 -Лидер | |
|---|---|
| Контролно поле с фиксирана дължина | nam a22 a 4500 |
| 003 - Код на организацията, давaща контролен номер | |
| Контролно поле | BLK |
| 005 - Дата и час на последна редакция | |
| Контролно поле | 20210811091238.0 |
| 008 - Елементи от данни с фиксирана дължина | |
| fixed length control field | 180411b bul|||||r ||||||| ||bul|| |
| 010 ## - Наследен системен номер | |
| LC control number | KNG00199514000 |
| 040 ## - Източник на каталожния запис | |
| Идентификатор на билиотеката - собственик на записа | BLK |
| 041 ## - Код за език | |
| Код за езика на текст/звукозапис или на отделно заглавие | Български |
| Код за езика КДБФ | Български |
| 072 #7 - Код за тематичната категория | |
| Код организация | bullib |
| Код за тематична категория | А |
| Текст | Фонд Михаил Арнаудов |
| 080 ## - УДК | |
| Текстов определител УДК | Българска литература |
| УДК код - определител по УДК | 821.163.2 |
| УДК определител | (081.1) |
| УДК - код + определител | 821.163.2(081.1) |
| 080 ## - УДК | |
| Текстов определител УДК | Българска литература |
| УДК код - определител по УДК | 821.163.2 |
| УДК определител | -1 |
| УДК - код + определител | 821.163.2-1 |
| 100 1# - Редна дума - Автор | |
| Автор | Вазов, Иван Минчов |
| Авторска отговорност | първи автор |
| R(LIN) | 363396 |
| 139 ## - Редно поле | |
| Редна дума | Вазов, Иван Минчов |
| Авторски знак | Вазов, Ив. - В 15 |
| 245 10 - Сведения за заглавието | |
| Заглавие | Пълно събрание съчиненията |
| Подзаглавни данни | Т. 1 - 8 |
| Редно поле (дума) | Иван Минчов Вазов. |
| Том | Т. 4 |
| Заглавие на том | Поеми : Грамада ; Моята съседка Гмитра ; Зихра ; Загорка ; В царството на самодивите ; Кихавицата на Салюста ; Синайска роза |
| 257 ## - Страна на издаване | |
| Страна на създаване/издаване | България |
| 260 ## - Област на издателските данни | |
| Име на издателя, разпространителя и проч. | Александър Паскалев и сие |
| Година на издаване | 1911 - |
| Печатница | София : Царска придворна печ. Ив. Кадела |
| 300 ## - Физическа характеристика | |
| Размери/Мащаб | 21 см |
| Страници | 184 с |
| 380 ## - Жанр | |
| Жанр | Худож. лит. |
| 490 ## - СЕРИИ (Колекции) | |
| 9 (RLIN) | 396381 |
| Име на серия | Частна колекция - Академик Михаил Арнаудов |
| Бележки за серията | Дарение - Основен фонд |
| 659 ## - Тематичен бюлетин | |
| Тематичен бюлетин | А |
| 760 1# - Описание на основната серия | |
| Редна дума на основното описание | Вазов, Иван Минчов |
| Място на издаване, издател и година | 1914 |
| Страници - том | 183 с., 10 л. : ил. |
| Забележка - том | Фонд Михаил Арнаудов - Мека подв., неразрязана |
| Заглавие | Т. 4 Поеми |
| 852 ## - Местоположение | |
| Форматна сигнатура | Цб 8.210.2900 |
| Фондова буква | Основен фонд - ползва се само за читалня |
| 852 ## - Местоположение | |
| Форматна сигнатура | МА 1042 |
| 856 4# - Електронен адрес и достъп | |
| Електронен формат | pdf - файл |
| 856 4# - Електронен адрес и достъп | |
| Електронен формат | pdf - файл |
| 999 ## - СИСТЕМНИ КОНТРОЛНИ НОМЕРА | |
| Koha biblionumber | 190373 |
| Koha biblioitemnumber | 190373 |
| 942 ## - АРТИКУЛИ | |
| Вид на библиотечния материал | Книги |
| Скрит в OPAC | Не |
| Периодичен библиозапис | Да |
| 944 ## - СЪЗДАВАНЕ И РЕДАКЦИЯ на ЗАПИСА | |
| Създаване/Редакция | Създаване |
| Дата на регистрацията/редакция | 30.01.2017 |
| Служител, извършил регистрацията/редакцията | Геновева_Генчева |
| 944 ## - СЪЗДАВАНЕ И РЕДАКЦИЯ на ЗАПИСА | |
| Създаване/Редакция | Редакция |
| Дата на регистрацията/редакция | 01.02.2017 |
| Служител, извършил регистрацията/редакцията | Геновева_Генчева |
| 999 ## - СИСТЕМНИ КОНТРОЛНИ НОМЕРА | |
| Koha biblioitemnumber | 190373 |
| 999 ## - СИСТЕМНИ КОНТРОЛНИ НОМЕРА | |
| Koha biblioitemnumber | 190373 |
| Код за отписване | Код за изгубен артикул | Източник на класификационната схема | Код за повреда | Коз за рестрикции | Код за отдаване | Артикулен № | Име на библиотеката - собственик | Име на библиотеката, в която се намира в момента | Статус (Текущо местоположение) | Дата на вписване в системата | Местоположение - отдел | Цена в лева | Инвентарен номер | Систематично азбучна сигнатура | Баркод | Номер на екземпляра | Цена в евро | Служебна бележка | Служебен тип на артикула |
|---|---|---|---|---|---|---|---|---|---|---|---|---|---|---|---|---|---|---|---|
| Не е изгубен | Universal Decimal Classification | Не е повреден | само за читалня | ползва се в читалня | 334944 | Регионална библиотека "Любен Каравелов" Русе | Регионална библиотека "Любен Каравелов" Русе | Хранилище | 1911-01-01 | Основен фонд - ползва се само за читалня | 0.14 | 2900-ІV | Цб 8.210.2900 | 900000073512 | 1 | 0.07 | N: стар фонд Дата: 01.01.1911 | Книги | |
| Не е изгубен | Universal Decimal Classification | Не е повреден | само за читалня | Специални фондове ( старопечатни, редки и ценни, фонд М. Арнаудов) | 334945 | Регионална библиотека "Любен Каравелов" Русе | Регионална библиотека "Любен Каравелов" Русе | Фонд "Михаил Арнаудов" | 1973-01-01 | Фонд "Михаил Арнаудов" | 30.00 | 588549 | МА 1042 | 120000588549 | 2 | 15.34 | Дост: DA Вид: А N: стар фонд Дата: 01.01.1973 | Книги |